000 00265nam a2200109 a 4500
008 101209s1959|||| d
245 1 0 _aSlovenské národné divadlo Bratislava
260 _bSVKL
_aBratislava
_c1959
041 _aslo
044 _axo
_cSK
020 _c25
999 _c14984
_d14984